000 00593cam a2200169 4500500
005 20251012003928.0
041 _afre
042 _adc
100 1 0 _aCharvolin, Florian
_eauthor
700 1 0 _a Frioux, Stéphane
_eauthor
700 1 0 _a Gilson, Martha
_eauthor
245 0 0 _aConstitution d’une expertise citoyenne : l’exemple de l’association Air des Lyonnaises et des Lyonnais
260 _c2021.
500 _a13
786 0 _nSilence | 495 | 1 | 2021-01-01 | p. 8-11 | 0756-2640
856 4 1 _uhttps://shs.cairn.info/revue-silence-2021-1-page-8?lang=fr&redirect-ssocas=7080
999 _c1513624
_d1513624